| 000 | 00421nam a2200145Ia 4500 | ||
|---|---|---|---|
| 008 | 210716s2013 xx 000 0 und d | ||
| 041 | _aeng | ||
| 082 | _a153.94 MANJ | ||
| 100 | _aManjunath;Saroja;Prakash;Raja, Firoz. | ||
| 245 | _aSuccess guide KEA-PGCET/KMAT for MCA entrance exam. | ||
| 250 | _a1 | ||
| 260 |
_aBangalore _bVasanth Book House _c2013 |
||
| 300 | _a16,58,207,51,23,86,72,44 | ||
| 650 | _aAptitude Test | ||
| 999 |
_c193798 _d193798 |
||